| 000 | 00988cam a2200325 i 4500 | ||
|---|---|---|---|
| 001 | 4427208 | ||
| 003 | ARRUPE | ||
| 005 | 20150326171013.0 | ||
| 008 | 761018s1977 ctua b 001 0 eng | ||
| 010 | _a76049912 | ||
| 020 | _a0300020392 | ||
| 035 | _a(OCoLC)2542652 | ||
| 035 | _a(OCoLC)ocm02542652 | ||
| 035 | _a(NNC)4427208 | ||
| 040 |
_aDLC _cDLC _dNNUT |
||
| 043 |
_an-us--- _an-us-ma |
||
| 050 | 0 |
_aB935 _b.K84 |
|
| 090 |
_aB935 _b.K84 |
||
| 100 | 1 |
_aKuklick, Bruce, _d1941- _916631 |
|
| 245 | 1 | 4 |
_aThe rise of American philosophy : _bCambridge, Massachusetts, 1860-1930 / _cBruce Kuklick. |
| 260 |
_aNew Haven : _bYale University Press, _c1977. |
||
| 300 |
_axxvii, 674 p. : _bill. ; _c24 cm. |
||
| 500 | _aIncludes index. | ||
| 504 | _aBibliography: p. 639-652. | ||
| 610 | 2 | 0 |
_aHarvard University. _916632 |
| 650 | 0 |
_aPhilosophy, American _y19th century. _916633 |
|
| 650 | 0 |
_aPhilosophy, American _y20th century. _913328 |
|
| 942 |
_2lcc _cMONOGRAPH |
||
| 999 |
_c122513 _d122513 |
||